Whose biopic? - Statistics

General Stats
  • This quiz has been taken 33 times
  • The average score is 14 of 50
Answer Stats
Movie ...of whom? (name any) % Correct
Rocketman Elton John
96%
Walk the Line Johnny and June Carter Cash
78%
Nowhere Boy John Lennon
70%
A Man Named John Pope John XXIII
70%
The Last King of Scotland Idi Amin
61%
W. George W. Bush
57%
The Babe Babe Ruth
52%
Birth of the Dragon Bruce Lee and Wong Jack Man
52%
Mongol Genghis Khan
52%
Joan the Woman Joan of Arc
52%
A Woman Called Golda Golda Meir
48%
PT 109 John F. Kennedy
48%
Luther Martin Luther
48%
Sixty Years a Queen Queen Victoria
48%
1492: Conquest of Paradise Christopher Columbus
43%
Jackie, Ethel, Joan: The Women of Camelot Jacqueline, Ethel and Joan Kennedy
43%
Coal Miner's Daughter Loretta Lynn
43%
Raging Bull Jake LaMotta
39%
La vie en rose Édith Piaf
35%
Lady Sings the Blues Billie Holiday
30%
The Lady with the Lamp Florence Nightingale
30%
Amistad Martin van Buren and John Quincy Adams
30%
The Grandmaster Ip Man
26%
Guyana Tragedy: The Story of __ ____ Jim Jones
26%
The Killing of John Lennon Mark David Chapman
26%
Tears of a King Elvis Presley
22%
Martha: Behind Bars Martha Stewart
22%
The Queen's Sister Princess Margaret
22%
Enid Enid Blyton
17%
Lady General Hua Mu-lan Hua Mulan
17%
The Scarlet Empress Catherine II "The Great" of Russia
13%
The Conjuring 1-3 Loraine and Ed Warren
13%
______: An American Legend Geronimo
9%
______ - Rome's Worst Nightmare Hannibal
9%
Big Sur and Heart Beat Jack Kerouac
9%
Al Nasser Salah ad-Din Saladin
9%
A Dangerous Method Sigmund Freud, C.G. Jung and Sabina Spielrein
9%
Vincere Ida Dalser and Benito Mussolini
4%
A Lady's Morals Jenny Lind
4%
The Program Lance Armstrong
4%
The Assassination of T_____ Leon Trotsky
4%
A Prince of Lovers Lord Byron
4%
Pyotr Velikiy Peter the Great
4%
Waking Up Wally: The ____ _____ Story Walter and Wayne Gretzky
4%
The Countess Countess Elizabeth Báthory
0%
____ Unauthorized Donald Trump
0%
The Sun Emperor Hirohito
0%
Agony Grigory Rasputin
0%
____: Unauthorized Hugh Hefner
0%
____: The Last of His Tribe Ishi
0%
No matching quizzes found
Score Distribution
Percent of People with Each Score
Percentile by Number Answered
Your Score History
You have not taken this quiz